000 00712nam a2200205Ii 4500
003 JO-AjNU
008 230605s9999||||xx |||||||||||||| ||und||
040 _aJO-AjNU
_bara
_erda
_cJO-AjNU
041 _aara
050 1 4 _aPJ6151.S5222 1990
100 3 _aتاليف المغربي الجزائري،يحيى بن محمد أبي زكريا الشاوي,
_eauthor
_914329
245 0 0 _aإرتقاء السيادة في علم أصول النحو
250 _aط1
264 3 1 _aبغداد: دار الانبار،1990
300 _a144ص
336 _atext
_btxt
_2rdacontent
337 _aunmediated
_bn
_2rdamedia
338 _avolume
_bnc
_2rdacarrier
650 4 _aالنحو-علم اصول النحو
_914330
999 _aA3795
_c7363
_d7363